Tržnica

Guardado en:
Detalles Bibliográficos
Autor principal: Popluhárová, Simona (Autor)
Otros Autores: Andráš, Milan (Orientador)
Formato: Manuscrito Libro
Lenguaje:eslovaco
Publicado: Bratislava 2018
Materias:
Acceso en línea:http://is.stuba.sk/zp/portal_zp.pl?podrobnosti=120019
Etiquetas: Agregar Etiqueta
Sin Etiquetas, Sea el primero en etiquetar este registro!

MARC

LEADER 00000ntm a22000003a 4500
001 stuzp68999
003 SK-STU
005 20210122101947.0
007 ta
008 150427s2015----xo-----f-mn---000-0-slo-d
040 |a STU  |b slo 
041 0 |a slo 
100 1 |a Popluhárová, Simona  |u 058180  |4 aut  |U FAD Fakulta architektúry  |T FA Ústav architektúry občianskych budov  |X 77049  |U A8180  |Y 399  |7 77049 
242 0 1 |a Market Hall  |y eng 
245 1 0 |a Tržnica 
260 |c 2018  |a Bratislava 
650 4 |a Tržnica  |2 slo 
650 4 |a Trh  |2 slo 
650 4 |a Predaj  |2 slo 
650 4 |a free time  |2 eng 
650 4 |a vegetable  |2 eng 
650 4 |a Hall  |2 eng 
700 1 |a Andráš, Milan  |u 058180  |k Z1  |4 ths  |U FAD Fakulta architektúry  |T FA Ústav architektúry občianskych budov  |X 4208  |U A8180  |Y 399  |7 A000004208 
856 4 |u http://is.stuba.sk/zp/portal_zp.pl?podrobnosti=120019  |u https://opac.crzp.sk/?fn=detailBiblioForm&sid=233ADDCA5EB56A1009E93C31D49A